Agenda a realizace vynálezů a zlepšovacích návrhů skripta pro cyklický kurs
Enregistré dans:
| Format: | Livre |
|---|---|
| Langue: | tchèque |
| Publié: |
Praha
Dům techniky ČSVTS
1987
|
| Tags: |
Pas de tags, Soyez le premier à ajouter un tag!
|
MARC
| LEADER | 00000nam a2200000 4500 | ||
|---|---|---|---|
| 001 | c030690 | ||
| 005 | 20260323065847.6 | ||
| 041 | 0 | |a cze | |
| 044 | |a CZ | ||
| 245 | 1 | 0 | |a Agenda a realizace vynálezů a zlepšovacích návrhů |b skripta pro cyklický kurs |
| 264 | 1 | |a Praha |b Dům techniky ČSVTS |c 1987 | |
| 300 | |a 112 s. | ||